Secretos / (Registro nro. 37172)

Detalles MARC
000 -CABECERA
Longitud fija campo de control 01210nam a2200253 4500
003 - • IDENTIFICADOR DELl NÚMERO DE CONTROL
Identificador del número de control CO-ViMGA
020 ## - • NÚMERO INTERNACIONAL NORMALIZADO PARA LIBROS
Número Internacional Normalizado para Libros (ISBN) 9789583056932
040 ## - FUENTE DE LA CATALOGACIÓN
Centro catalogador de origen CO-ViMGA
Lengua de catalogación spa
Centro transcriptor CO-ViMGA
100 1# - • PUNTO DE ACCESO PRINCIPAL-NOMBRE DE PERSONA
Nombre de persona Carvalho, Adélia, 1969-
245 10 - • TITULO PROPIAMENTE DICHO
Título Secretos /
Mención de responsabilidad, etc. Adélia Carvalho ; ilustraciones Cátia Vidinhas ; traducción Estefanía Santos Betancur
300 ## - • DESCRIPCIÓN FÍSICA
Extensión 23 páginas :
Otras características físicas ilustraciones en color ; 23 cm
490 ## - • MENCIÓN DE SERIE
Mención de serie 0A infantil
500 ## - • NOTA GENERAL
Nota general Incluye datos biográficos de la autora e ilustradora
500 ## - • NOTA GENERAL
Nota general Recomendado para niños de 6 a 9 años
520 ## - • NOTA DE RESUMEN
Resumen, etc, "Los secretos son algo muy difícil de guardar, llega un momento en que es imposible no contarlos. El niño de esta historia se enamoró y, sin que lo esperara, aquel secreto que un día le confió a alguien, ahora lo sabe la niña que le gusta." -- en www.panamericana.com.co
534 ## - • Nota De Versión Original
Título Segredos
650 14 - • PUNTO DE ACCESO ADICIONAL DE MATERIA - TÉRMINO DE MATERIA
Término de materia o nombre geográfico como elemento inicial Cuentos infantiles portugueses
Subdivisión cronológica Siglo xx
650 14 - • PUNTO DE ACCESO ADICIONAL DE MATERIA - TÉRMINO DE MATERIA
Término de materia o nombre geográfico como elemento inicial Literatura infantil portuguesa
700 1# - • PUNTO DE ACCESO ADICIONAL - NOMBRE DE PERSONA
Nombre de persona Vidinhas, Cátia, 1989- ilustradora
700 1# - • PUNTO DE ACCESO ADICIONAL - NOMBRE DE PERSONA
Nombre de persona Santos Betancur, Estefanía traductora
942 ## - ENTRADA DE ELEMENTOS AGREGADOS (KOHA)
Fuente de clasificaión o esquema Dewey Decimal Classification
Koha [por defecto] tipo de item LIbro
Existencias
Perdido Fuente de clasificación o esquema Estado Físico No para préstamo Forma de adquisición Localización permanente Localización actual Fecha adquisición Préstamos totales Signatura completa Código de barras Fecha última consulta Fecha del precio de reemplazo Tipo de item de Koha
  Dewey Decimal Classification     Sala Infantil Segundo Piso Biblioteca Pública Germán Arciniegas - Villavicencio Biblioteca Pública Germán Arciniegas - Villavicencio 02/28/2020   C CARs 33046 02/28/2020 02/28/2020 LIbro
  Dewey Decimal Classification     Sala Infantil Segundo Piso Biblioteca Pública Germán Arciniegas - Villavicencio Biblioteca Pública Germán Arciniegas - Villavicencio 02/28/2020   C CARs 33045 02/28/2020 02/28/2020 LIbro









Instituto Departamental de Cultura del Meta - Red Departamental de Bibliotecas Públicas del Meta.